El Estado y las clases dominantes en la situaión colonial

Сохранить в:
Библиографические подробности
Главный автор: González Díaz, Emilio
Формат: Текст
Опубликовано: Quito :
Метки: Добавить метку
Нет меток, Требуется 1-ая метка записи!

MARC

LEADER 00000 a a2200000 04500
001 16153
003
040
090 |a 012800  
100 |a González Díaz, Emilio  
245 |a El Estado y las clases dominantes en la situaión colonial  
260 |a Quito :  
300 |a 15 p.  
999 |c 17354  |d 17354